000
00275nam a22001097a 4500
008
230704b xxu||||| |||| 00| 0 eng d
082
_a
341
_b
BUR 1957
245
_a
In Defence of Colonies
260
_a
London
_b
George Allen & Unwin Ltd
_c
1957
300
_a
338p
942
_2
ddc
_c
BK
999
_c
3933
_d
3933